|
|
|
|
| LEADER |
00000nam0a2200000 4500 |
| 001 |
292300 |
| 005 |
20231102000500.0 |
| 035 |
|
|
|a (RuTPU)RU\TPU\book\316915
|
| 090 |
|
|
|a 292300
|
| 100 |
|
|
|a 20150421d1981 k y0rusy50 ca
|
| 101 |
0 |
|
|a rus
|
| 102 |
|
|
|a RU
|
| 105 |
|
|
|a a z 001zy
|
| 200 |
1 |
|
|a Вариационно-разностные методы расчета ядерных реакторов
|f И. С. Слесарев, А. М. Сироткин
|
| 210 |
|
|
|a Москва
|c Энергоиздат
|d 1981
|
| 215 |
|
|
|a 113 с.
|c ил.
|
| 225 |
1 |
|
|a Физика ядерных реакторов
|v № 19
|
| 320 |
|
|
|a Библиогр.: с. 110-113.
|
| 606 |
1 |
|
|a Ядерные реакторы
|x Физика
|2 stltpush
|3 (RuTPU)RU\TPU\subj\21697
|9 46650
|
| 610 |
1 |
|
|a вариационные методы
|
| 610 |
1 |
|
|a разностные методы
|
| 610 |
1 |
|
|a расчеты
|
| 610 |
1 |
|
|a дискретные модели
|
| 610 |
1 |
|
|a метод конечных элементов
|
| 675 |
|
|
|a 621.039.51
|v 3
|
| 700 |
|
1 |
|a Слесарев
|b И. С.
|g Игорь Сергеевич
|
| 701 |
|
1 |
|a Сироткин
|b А. М.
|g Алексей Михайлович
|
| 801 |
|
1 |
|a RU
|b 63413507
|c 20150421
|
| 801 |
|
2 |
|a RU
|b 63413507
|c 20220422
|g RCR
|
| 942 |
|
|
|c BK
|